00428cam a22001457a 4500008004000000082001700040245011000057250001200167260002600179300001000205650001100215700002000226700001900246700001700265180718b1986 xxu||||| |||| 00| 0 eng d aT112 P228/86 aReading in the concept and measurement in incomecedited by R.H. Parker, G.C. Harcourt and G. Whittington a2nd ed. aDelhibHaritagec1986 a371p. aIncome aWhittington, G. aHarcourt, G.C. aParker, R.H.